Terjebak

Bibliographic Details
Main Author: Pakhoruzi Muhammud
Format: Book
Published: Rawang : Pustaka Minda Aktif , 2013
Series:Seleksi remaja merdeka
Subjects:

MARC

LEADER 00000cam a2200000 7i4500
001 0000167659
005 20130610.0
020 |a 9789673870844 
090 0 0 |a JF   |b PAK 
100 0 |a Pakhoruzi Muhammud 
245 1 0 |a Terjebak   |c Pakhoruzi Muhammud 
260 |a Rawang :   |b Pustaka Minda Aktif ,   |c 2013 
300 |a 100p. ;   |c 19cm. 
490 0 |a Seleksi remaja merdeka 
650 0 0 |a Detective and mystery stories, Malay 
650 0 0 |a Didactic fiction, Malay 
999 |a 00283090   |b BUKU   |c PINJAMAN   |e PERPUSTAKAAN KOMUNITI PETALING JAYA